000 01275nam0a22002771 4500
001 rc\2773295
005 20250805160813.4
035 _a(NLR Aleph) 006899626
090 _a7233776
_c7233776
100 _a20110915d1941 |||y0rusy50 ca
101 0 _arus
102 _aRU
105 _aa z |||||
200 1 _aПравила технического ухода за северным комбайном СКАГ-5А
_eУтв. Гл. упр. агротехники и механизации НКЗ СССР
_fСоставитель: инж. В. Г. Антипин
_gНар. ком. зем. СССР
210 _aМосква
_aЛенинград
_cСельхозгиз
_d1941
_eЛенинград
215 _a44 с.
_cчерт.
_d19 см.
300 _aНа обороте тит. л. указан составитель: инж. В. Г. Антипин
702 1 _aАнтипин
_bВ. Г.
_gВениамин Георгиевич
_4220
712 0 1 _aСССР
_bГлавное упр. агротехники и механизации
_3RU\NLR\AUTH\889954091
801 0 _aRU
_bNLR
_gpsbo
801 1 _aRU
_bELAR
_2rusmarc
852 _aNLR
_jС20 Г-4/71
942 _cBOOK
945 _aРоссийская национальная библиотека
980 _aNB
980 _aBV